Normal view
MARC view
- Philippines -- Politics and government
Entry Topical Term
001 - CONTROL NUMBER
- control field: 41699
003 - CONTROL NUMBER IDENTIFIER
- control field: OSt
005 - DATE AND TIME OF LATEST TRANSACTION
- control field: 20200206100130.0
008 - FIXED-LENGTH DATA ELEMENTS
- fixed length control field: 200206|| aca||aabn | a|a d
040 ## - CATALOGING SOURCE
- Original cataloging agency: OSt
- Transcribing agency: OSt
150 ## - HEADING--TOPICAL TERM
- Topical term or geographic name entry element: Philippines -- Politics and government
670 ## - SOURCE DATA FOUND
- Source citation: Work cat.: (OSt): Agpalo, Remigio E. Author 41698, Adventures in Political Science;, ©1996
